[Event "Skovbo GM 2014"]
[Site "?"]
[Date "2014.09.13"]
[Round "8.1"]
[White "Bekker-Jensen, Simon"]
[Black "Ahlander, Björn"]
[Result "1-0"]
[WhiteElo "2442"]
[BlackElo "2385"]
[PlyCount "103"]
[EventDate "2014.??.??"]
[WhiteClock "0:16:29"]
[BlackClock "0:01:12"]

1. d4 Nf6 2. c4 e6 3. Nc3 Bb4 4. e3 O-O 5. Bd3 d5 6. Nf3 c5 7. O-O Nc6 8. a3
Bxc3 9. bxc3 dxc4 10. Bxc4 Qc7 11. Bb2 e5 12. h3 Bf5 13. Bb5 e4 14. Nd2 Rad8
15. Qe2 a6 16. Bxc6 Qxc6 17. c4 cxd4 18. exd4 Rfe8 19. a4 b5 20. d5 Qd6 21.
axb5 axb5 22. Rad1 Bg6 23. Qe3 bxc4 24. Nxc4 Qa6 25. Qc3 Rc8 26. Rd4 Red8 27.
Rfd1 Qb5 28. Qa5 Qxa5 29. Nxa5 Rc2 30. Nc6 Rd7 31. R1d2 Rxd2 32. Rxd2 Kf8 33.
d6 Bf5 34. Nd4 Be6 35. Nxe6+ fxe6 36. g4 Kf7 37. Be5 Nd5 38. Re2 Rb7 39. Rxe4
Rb1+ 40. Kg2 g5 41. Ra4 Rb7 42. Ra8 Nf4+ 43. Kf3 Rb3+ 44. Ke4 Rb4+ 45. Ke3 Rb3+
46. Kd4 Rd3+ 47. Ke4 Rd5 48. Ra7+ Kg6 49. h4 gxh4 50. Kxf4 h3 51. Rg7+ Kh6 52.
g5+ 1-0

[Event "Skovbo GM 2014"]
[Site "?"]
[Date "2014.09.13"]
[Round "8.2"]
[White "Burmakin, Vladimir"]
[Black "Okhotnik, Vladimir"]
[Result "1/2-1/2"]
[WhiteElo "2584"]
[BlackElo "2391"]
[PlyCount "88"]
[EventDate "2014.??.??"]
[WhiteClock "0:05:14"]
[BlackClock "0:43:16"]

1. d4 g6 2. e4 Bg7 3. g3 d6 4. Bg2 Nd7 5. Ne2 Ngf6 6. O-O O-O 7. h3 c5 8. Nbc3
cxd4 9. Nxd4 a6 10. Re1 e6 11. b3 Qc7 12. Bb2 Rb8 13. a4 Rd8 14. a5 e5 15. Nf3
Nc5 16. Nd2 h5 17. Nd5 Nxd5 18. exd5 Bd7 19. Nc4 Be8 20. Qd2 f6 21. Qb4 Bf7 22.
Ba3 Bf8 23. Qd2 Re8 24. f4 Nd7 25. Qf2 exf4 26. gxf4 f5 27. Bb2 Bg7 28. Bxg7
Kxg7 29. Qd4+ Nf6 30. Nb6 Rxe1+ 31. Rxe1 Re8 32. Rxe8 Bxe8 33. c4 Qe7 34. Kf2
Kf7 35. Qe3 Ne4+ 36. Bxe4 fxe4 37. Kg3 Qf6 38. Qxe4 Qc3+ 39. Kg2 Qb2+ 40. Kg1
Qc1+ 41. Kf2 Qd2+ 42. Kf3 Qd1+ 43. Kf2 Qd2+ 44. Kf3 Qd1+ 1/2-1/2

[Event "Skovbo GM 2014"]
[Site "?"]
[Date "2014.09.13"]
[Round "8.3"]
[White "Semcesen, Daniel"]
[Black "Danielsen, Henrik"]
[Result "1/2-1/2"]
[WhiteElo "2472"]
[BlackElo "2488"]
[PlyCount "87"]
[EventDate "2014.??.??"]
[WhiteClock "0:11:46"]
[BlackClock "0:23:52"]

1. d4 d6 2. Nf3 g6 3. c4 Bg7 4. e4 e5 5. Bg5 f6 6. Be3 Nh6 7. h3 O-O 8. dxe5
dxe5 9. Nc3 Na6 10. c5 c6 11. Bxa6 bxa6 12. Qxd8 Rxd8 13. O-O Be6 14. Rfd1 Nf7
15. b3 Bf8 16. Ne1 Be7 17. f3 Rab8 18. Rac1 Kf8 19. Kf1 Ke8 20. Ke2 Rd7 21. Nc2
Bd8 22. Rxd7 Kxd7 23. Na4 Bc7 24. Bd2 Kc8 25. Ne3 Kb7 26. Nb2 a5 27. Bc3 Ka6
28. Rd1 Kb5 29. Na4 Rf8 30. Be1 Nd8 31. Bf2 Rf7 32. Nc3+ Ka6 33. Rd2 Nb7 34.
Nc4 Rd7 35. Rxd7 Bxd7 36. Kd3 Be6 37. Be3 Bd8 38. Na4 Be7 39. Kc3 Kb5 40. Na3+
Ka6 41. Nc4 Kb5 42. Na3+ Ka6 43. Nc4 Kb5 44. Na3+ 1/2-1/2

[Event "Skovbo GM 2014"]
[Site "?"]
[Date "2014.09.13"]
[Round "8.4"]
[White "Carstensen, Jacob"]
[Black "Smith, Axel"]
[Result "0-1"]
[WhiteElo "2360"]
[BlackElo "2481"]
[PlyCount "74"]
[EventDate "2014.??.??"]
[WhiteClock "0:26:34"]
[BlackClock "0:04:13"]

1. d4 d5 2. c4 c6 3. Nf3 Nf6 4. Nc3 dxc4 5. a4 Bf5 6. Ne5 Nbd7 7. Nxc4 Qc7 8.
g3 e5 9. dxe5 Nxe5 10. Bf4 Nfd7 11. Bg2 g5 12. Ne3 gxf4 13. Nxf5 O-O-O 14. Qc2
fxg3 15. hxg3 Nf6 16. O-O Kb8 17. Rac1 h5 18. Nb5 Qb6 19. Na3 Bb4 20. Nc4 Qc5
21. Qb3 a5 22. Ncd6 Qb6 23. Nxf7 Nxf7 24. Qxf7 Rhf8 25. Qe6 Rde8 26. Qc4 Ng4
27. Nd4 Ne5 28. Nxc6+ bxc6 29. Qh4 Bc5 30. e3 Rxf2 31. Rxf2 Bxe3 32. Kh1 Bxf2
33. Qf6 Bxg3 34. Qd6+ Qc7 35. Qd4 Ng4 36. Rxc6 Re1+ 37. Qg1 Nf2# 0-1

[Event "Skovbo GM 2014"]
[Site "?"]
[Date "2014.09.13"]
[Round "8.5"]
[White "Percivaldi, Martin"]
[Black "Antonsen, Mikkel Djernæs"]
[Result "0-1"]
[WhiteElo "2327"]
[BlackElo "2459"]
[PlyCount "124"]
[EventDate "2014.??.??"]
[WhiteClock "0:03:42"]
[BlackClock "0:21:39"]

1. d4 d5 2. c4 e6 3. Nf3 Nf6 4. g3 dxc4 5. Bg2 Bb4+ 6. Nbd2 O-O 7. Qc2 b5 8. a4
Ba6 9. axb5 Bxb5 10. O-O Nbd7 11. Nxc4 c5 12. Nfe5 Nxe5 13. dxe5 Nd5 14. Nd6
Bc6 15. e4 Nb6 16. Be3 Nd7 17. f4 Qe7 18. Rad1 a5 19. h4 a4 20. h5 h6 21. f5
Nxe5 22. Bxc5 Bxc5+ 23. Qxc5 Qa7 24. Qxa7 Rxa7 25. fxe6 fxe6 26. Rxf8+ Kxf8 27.
Rf1+ Kg8 28. Rc1 Bd7 29. Rc5 Nd3 30. Rc2 Kf8 31. Bf1 Ne5 32. Be2 Ke7 33. Nc4
Nxc4 34. Rxc4 Bb5 35. Rc2 Bxe2 36. Rxe2 Kf6 37. Rc2 Rb7 38. Rc4 Rb3 39. Kg2
Rxb2+ 40. Kf3 a3 41. Ra4 a2 42. Ra5 e5 43. Kg4 Rf2 44. Ra6+ Ke7 45. Kh4 Kd7 46.
g4 Kc7 47. Kg3 Rb2 48. g5 Kb7 49. Ra4 Kb6 50. gxh6 gxh6 51. Kg4 Kb5 52. Ra8 Kb4
53. Kf5 Rg2 54. Kf6 Kb3 55. Kxe5 Rg5+ 56. Kf6 Rxh5 57. Rb8+ Ka4 58. e5 Rh1 59.
Ra8+ Kb3 60. e6 a1=Q+ 61. Rxa1 Rxa1 62. e7 Re1 0-1

[Event "Skovbo GM 2014"]
[Site "?"]
[Date "2014.09.13"]
[Round "8.6"]
[White "Johansson, Alexander"]
[Black "Skytte, Rasmus"]
[Result "0-1"]
[WhiteElo "2083"]
[BlackElo "2430"]
[PlyCount "58"]
[EventDate "2014.??.??"]
[WhiteClock "0:08:42"]
[BlackClock "0:04:49"]

1. d4 Nf6 2. Nc3 d5 3. Bg5 Nbd7 4. Qd3 h6 5. Bf4 c6 6. Nf3 e6 7. a3 b5 8. e4 b4
9. axb4 Bxb4 10. Nd2 a5 11. Be2 Ba6 12. Qf3 Bxe2 13. Qxe2 O-O 14. e5 Ne8 15. h4
f6 16. Qg4 Qe7 17. Rh3 c5 18. Ne2 Bxd2+ 19. Bxd2 fxe5 20. Bxh6 cxd4 21. h5 Nef6
22. Qg5 Kh8 23. f4 gxh6 24. Qxh6+ Qh7 25. Qg5 Rg8 26. Qh4 Rxg2 27. Kf1 Rag8 28.
Rc1 Qe4 29. Re1 Rg1+ 0-1

[Event "Skovbo GM 2014"]
[Site "?"]
[Date "2014.09.13"]
[Round "8.7"]
[White "Rosenkilde, Alexander"]
[Black "Jepson, Christian"]
[Result "0-1"]
[WhiteElo "2228"]
[BlackElo "2406"]
[PlyCount "44"]
[EventDate "2014.??.??"]
[WhiteClock "0:24:54"]
[BlackClock "0:39:56"]

1. d4 Nf6 2. c4 e6 3. g3 c5 4. d5 exd5 5. cxd5 d6 6. Nc3 g6 7. Nf3 Bg7 8. Bg2
O-O 9. O-O Re8 10. Nd2 a6 11. a4 Nbd7 12. Nc4 Ne5 13. Na3 Nh5 14. e4 f5 15. h3
b5 16. axb5 axb5 17. Ncxb5 fxe4 18. g4 Rf8 19. Bxe4 Qh4 20. f4 Qg3+ 21. Bg2
Bxg4 22. Qe1 Nf3+ 0-1

[Event "Skovbo GM 2014"]
[Site "?"]
[Date "2014.09.13"]
[Round "8.8"]
[White "Høi, Carsten"]
[Black "Stojanovski, Sandi"]
[Result "1-0"]
[WhiteElo "2399"]
[BlackElo "2174"]
[PlyCount "37"]
[EventDate "2014.??.??"]
[WhiteClock "0:52:06"]
[BlackClock "0:23:08"]

1. d4 Nf6 2. Nf3 e6 3. e3 c5 4. Bd3 Be7 5. O-O O-O 6. c4 cxd4 7. exd4 d5 8. Nc3
dxc4 9. Bxc4 Nbd7 10. Re1 Nb6 11. Bb3 Nbd5 12. Bg5 Nxc3 13. bxc3 b6 14. Qd3 Bb7
15. Rad1 Bxf3 16. Qxf3 b5 17. d5 e5 18. d6 Bxd6 19. Qc6 1-0

[Event "Skovbo GM 2014"]
[Site "?"]
[Date "2014.09.13"]
[Round "8.9"]
[White "Eriksson, Christian Altenburg"]
[Black "Frisk, Ellinor"]
[Result "0-1"]
[WhiteElo "2130"]
[BlackElo "2302"]
[PlyCount "56"]
[EventDate "2014.??.??"]
[WhiteClock "0:48:04"]
[BlackClock "0:30:40"]

1. e4 c5 2. Nc3 g6 3. f4 Bg7 4. Nf3 Nc6 5. Bb5 Nd4 6. O-O e6 7. a4 Ne7 8. d3 a6
9. Bc4 d5 10. Ba2 O-O 11. Kh1 b6 12. f5 dxe4 13. dxe4 gxf5 14. Bg5 Bb7 15. Nxd4
cxd4 16. exf5 f6 17. Bxe6+ Kh8 18. Bf4 dxc3 19. Qh5 Qe8 20. Qh3 cxb2 21. Ra3
Bd5 22. Re3 Qxa4 23. Bd6 Qxc2 24. Ree1 Bxe6 25. fxe6 Rfe8 26. Qf3 Rad8 27. Qa3
Nf5 28. Bf4 Rxe6 0-1

[Event "Skovbo GM 2014"]
[Site "?"]
[Date "2014.09.13"]
[Round "8.10"]
[White "Sylvan, Jacob"]
[Black "Henriksen, Kasper"]
[Result "1/2-1/2"]
[WhiteElo "2336"]
[BlackElo "1979"]
[PlyCount "73"]
[EventDate "2014.??.??"]
[WhiteClock "0:10:31"]
[BlackClock "0:08:57"]

1. Nf3 f5 2. g3 Nf6 3. Bg2 g6 4. O-O Bg7 5. c4 d6 6. d4 O-O 7. Nc3 Qe8 8. d5 a5
9. Nd4 Na6 10. b3 Bd7 11. Bb2 c6 12. Qc2 Nc5 13. Rad1 e5 14. dxe6 Bxe6 15. Rfe1
Bf7 16. e3 a4 17. b4 Nce4 18. Nb1 d5 19. c5 Qb8 20. a3 Rc8 21. f3 Ng5 22. Nc3
Qa7 23. Rd2 Ne6 24. Nce2 b6 25. Nxe6 Bxe6 26. cxb6 Qxb6 27. Bd4 Qb7 28. Nf4 Bd7
29. Nd3 Ne8 30. Nc5 Qa7 31. e4 Bxd4+ 32. Rxd4 Nf6 33. e5 Nh5 34. e6 Re8 35. Qd2
Bc8 36. Qg5 Ng7 37. Qf6 1/2-1/2

[Event "Skovbo GM 2014"]
[Site "Skovbo Kulturhus"]
[Date "2014.09.13"]
[Round "8.12"]
[White "Vovk, Oksana"]
[Black "Pedersen, Henrik Dahl"]
[Result "1-0"]
[WhiteElo "2070"]
[BlackElo "2188"]
[PlyCount "117"]
[EventDate "2014.??.??"]
[WhiteTeam "Næstved Skakklub"]
[BlackTeam "Køge Skakklub"]

1. d4 c5 2. d5 g6 3. e4 Bg7 4. Nf3 d6 5. Nc3 a6 6. a4 Bg4 7. Be2 Nd7 8. O-O
Ngf6 9. Nd2 Bxe2 10. Qxe2 O-O 11. f4 Ne8 12. Nf3 Nc7 13. Rd1 b5 14. axb5 axb5
15. Rxa8 Qxa8 16. Nxb5 Qa6 17. Nc3 Rb8 18. Qe3 e6 19. e5 dxe5 20. fxe5 exd5 21.
Nxd5 Nxd5 22. Rxd5 Qe6 23. c4 Nb6 24. Rxc5 Nxc4 25. Qd4 Rc8 26. Rxc8+ Qxc8 27.
Bf4 Bf8 28. Kh1 Na5 29. Qd5 Nb7 30. h3 h6 31. e6 fxe6 32. Qe4 g5 33. Qg6+ Bg7
34. Be5 Qd7 35. Bxg7 Qxg7 36. Qxe6+ Kh7 37. b4 Qc7 38. Qf5+ Kg7 39. Ne5 Qc1+
40. Kh2 Qf4+ 41. Qxf4 gxf4 42. Nd3 f3 43. gxf3 Nd6 44. Kg3 Kg6 45. Kg4 h5+ 46.
Kf4 Kf6 47. Nc5 Kg6 48. h4 Nc4 49. Nd7 Nd6 50. Ke5 Nf7+ 51. Ke4 Nd6+ 52. Kd5
Nc8 53. b5 Kf5 54. b6 Nxb6+ 55. Nxb6 Kf4 56. Nc4 Kxf3 57. Ne5+ Kf4 58. Ke6 Ke4
59. Ng6 1-0

[Event "Skovbo GM 2014"]
[Site "Skovbo Kulturhus"]
[Date "2014.09.13"]
[Round "8.13"]
[White "Pedersen, Hans Dahl"]
[Black "Andersen, Troels Bækgård"]
[Result "1-0"]
[WhiteElo "2178"]
[BlackElo "1919"]
[PlyCount "129"]
[EventDate "2014.??.??"]
[WhiteTeam "Køge Skakklub"]
[BlackTeam "Roskilde Skakklub"]

1. c4 Nf6 2. g3 c6 3. Bg2 d5 4. d4 e6 5. Nf3 Be7 6. O-O O-O 7. Nbd2 Nbd7 8. Qc2
b6 9. e4 dxe4 10. Nxe4 Bb7 11. Ne5 Rc8 12. Rd1 Qc7 {(=)} 13. Bf4 Nxe5 14. Bxe5
Qd8 15. c5 Nxe4 16. Bxe4 f5 17. Bg2 Re8 18. Qc4 Bf8 19. Re1 b5 20. Qb3 a5 21.
a4 b4 22. Bf1 Ra8 23. Bc4 Bc8 24. Rad1 Kh8 25. h4 Qd7 26. Qd3 Qf7 27. b3 Bd7
28. Qf3 Be7 29. Re2 Bd8 30. Rde1 Be7 31. Qf4 Kg8 32. Kg2 Bc8 33. Qf3 Bd7 34.
Qd3 Qg6 35. Kh2 Qf7 36. Re3 h5 37. Rf3 Kh7 38. Bf4 Bf6 39. Rfe3 g6 40. Be5 Be7
41. Qe2 Rac8 42. f4 Qf8 {(=)} 43. Kg2 Kh6 44. Rd1 Bd8 45. Bd6 Qf7 46. Re1 Bf6
47. Bxe6 Bxe6 48. Rxe6 Rxe6 49. Qxe6 Qxe6 50. Rxe6 Bxd4 51. Re7 Bf6 52. Rf7 Bg7
53. Ra7 Re8 54. Be7 g5 55. hxg5+ Kg6 56. Rc7 h4 57. Rxc6+ Kf7 58. Bf6 Bxf6 59.
Rxf6+ Kg7 60. gxh4 Re2+ 61. Kf3 Rb2 62. Rxf5 Rxb3+ 63. Kg4 Rc3 64. c6 Rxc6 65.
Rb5 1-0

[Event "Skovbo GM 2014"]
[Site "Skovbo Kulturhus"]
[Date "2014.09.13"]
[Round "8.14"]
[White "Brøndal, Paul"]
[Black "Kjærgaard-Jensen, Jesper"]
[Result "0-1"]
[WhiteElo "2052"]
[BlackElo "2151"]
[PlyCount "42"]
[EventDate "2014.??.??"]
[WhiteTeam "Allerød Skakklub"]
[BlackTeam "Haderslev Skakklub"]

1. c4 Nf6 2. Nc3 d5 3. cxd5 Nxd5 4. Nf3 g6 5. g3 Bg7 6. Bg2 O-O 7. O-O e5 8. a3
h6 9. Qc2 c6 10. Rd1 Be6 11. d4 Nxc3 12. bxc3 Nd7 13. Nxe5 Nxe5 14. dxe5 Qa5
15. Rb1 Rad8 16. Rxd8 Rxd8 17. f4 Qc5+ 18. Kh1 Qf2 19. Bb2 Bf5 20. Qc1 Bxb1 21.
Qxb1 Qxe2 0-1

[Event "Skovbo GM 2014"]
[Site "Skovbo Kulturhus"]
[Date "2014.09.13"]
[Round "8.15"]
[White "Sørensen, Bernhard W"]
[Black "Hagerup, Per"]
[Result "1-0"]
[WhiteElo "1684"]
[BlackElo "1664"]
[PlyCount "135"]
[EventDate "2014.??.??"]
[WhiteTeam "Hillerød Skakklub"]
[BlackTeam "Tølløse Skakklub"]

1. e4 d6 2. d4 Nf6 3. Nc3 g6 4. Bc4 Bg7 5. h3 c6 6. a4 Nbd7 7. Nf3 e5 8. dxe5
dxe5 9. Bg5 O-O 10. O-O h6 11. Be3 Qc7 12. Qd2 Kh7 13. Rad1 Nh5 14. Nh2 Nb6 15.
Bb3 Qe7 16. Ng4 g5 17. g3 Bxg4 18. hxg4 Rad8 19. Qe2 Nf6 20. a5 Nc8 21. f3 Rxd1
22. Rxd1 Rd8 23. Rxd8 Qxd8 24. a6 b6 25. Qc4 Qd6 26. Qxf7 Ne7 27. Qe6 Qc7 28.
Ne2 Qd7 29. Qxd7 Nxd7 30. Be6 Nb8 31. Bxb6 Nxa6 32. Bxa7 c5 33. c3 Nc6 34. Bb6
Bf8 35. Bc4 Nab8 36. Bd5 Bd6 37. Nc1 Nd7 38. Bxc6 Nxb6 39. b3 Kg7 40. Kf1 Kf7
41. Ke2 Ke7 42. Nd3 c4 43. bxc4 Nxc4 44. Bd5 Na3 45. c4 Nc2 46. c5 Nd4+ 47. Kf2
Bc7 48. f4 Kf6 49. fxe5+ Bxe5 50. Nxe5 Kxe5 51. Ke3 Nb5 52. Bb7 Nd4 53. c6 Ne6
54. Bc8 Nd4 55. Bd7 Nb5 56. Kd3 Kd6 57. Kc4 Nc7 58. Kd4 Nb5+ 59. Kc4 Nc7 60.
e5+ Kxe5 61. Kc5 Nd5 62. Kb5 Nc7+ 63. Kb6 Nd5+ 64. Kb7 Ke4 65. c7 Nxc7 66. Kxc7
Kf3 67. Kd6 Kxg3 68. Ke5 1-0

[Event "Skovbo GM 2014"]
[Site "Skovbo Kulturhus"]
[Date "2014.09.13"]
[Round "8.16"]
[White "Andersen, Daniel"]
[Black "Madsen, Michael Ole"]
[Result "0-1"]
[WhiteElo "1962"]
[BlackElo "2077"]
[PlyCount "58"]
[EventDate "2014.??.??"]
[WhiteTeam "Frederikssund Skakklub"]
[BlackTeam "Allerød Skakklub"]

1. c4 e6 2. Nf3 d5 3. g3 Nf6 4. Bg2 Be7 5. d4 O-O 6. O-O dxc4 7. Ne5 Nbd7 8.
Nxc4 Nb6 9. Nxb6 axb6 10. Nc3 Nd5 11. e4 Nb4 12. Be3 Bf6 13. a3 Nc6 14. e5 Be7
15. f4 Bd7 16. b4 Qc8 17. d5 exd5 18. Nxd5 Be6 19. Qc2 Rd8 20. Rfd1 Bxd5 21.
Bxd5 Rxd5 22. Rxd5 Nxb4 23. Qc4 Nxd5 24. Qxd5 Rxa3 25. Rxa3 Bxa3 26. Qc4 Qf8
27. Kg2 Bc5 28. Bd2 Qe8 29. Qd5 Qc6 0-1

[Event "Skovbo GM 2014"]
[Site "Skovbo Kulturhus"]
[Date "2014.09.13"]
[Round "8.17"]
[White "Akdag, Dara Sevkan"]
[Black "Severinsen, Frank"]
[Result "1-0"]
[WhiteElo "2228"]
[BlackElo "1801"]
[PlyCount "85"]
[EventDate "2014.??.??"]
[WhiteTeam "BMS Skak"]
[BlackTeam "Skakklubben K41"]

1. d4 Nf6 2. Nf3 d6 3. c4 g6 4. Nc3 Bg7 5. e4 O-O 6. Be2 Nbd7 7. O-O c5 8. d5
Nb6 9. h3 e6 10. Bg5 e5 11. Qd2 Qe7 12. Nh2 Nbd7 13. a3 Re8 14. Rae1 Qf8 15.
Bd1 h6 16. Bh4 Nh7 17. Nb5 Nb6 18. Nc7 Bd7 19. Nxa8 Rxa8 20. b3 f5 21. f4 exf4
22. exf5 g5 23. Bf2 Bxf5 24. Bc2 Nd7 25. b4 b6 26. Bxf5 Qxf5 27. Qe2 Ne5 28.
Nf3 Re8 29. bxc5 bxc5 30. Nxe5 Bxe5 31. Qh5 Nf6 32. Qxh6 Re7 33. Rb1 Nd7 34.
Rb7 Bg7 35. Qh5 Nf6 36. Rb8+ Bf8 37. Qd1 g4 38. Bh4 gxh3 39. Bxf6 Qxf6 40. Qg4+
Rg7 41. Qxf4 Rxg2+ 42. Kh1 Rg1+ 43. Rxg1+ 1-0

[Event "Skovbo GM 2014"]
[Site "Skovbo Kulturhus"]
[Date "2014.09.13"]
[Round "8.18"]
[White "Knudsen, Jes Jacob West"]
[Black "Schmidt, Horst Hubert"]
[Result "0-1"]
[WhiteElo "1917"]
[BlackElo "1754"]
[PlyCount "66"]
[EventDate "2014.??.??"]
[WhiteTeam "Allerød Skakklub"]
[BlackTeam "Brønshøj Skakforening"]

1. e4 d6 2. d4 Nf6 3. Nc3 g6 4. Be2 Bg7 5. g4 h5 6. g5 Nfd7 7. Be3 e5 8. Nf3
Nc6 9. d5 Ne7 10. Qd2 Nb6 11. O-O-O Bd7 12. Kb1 Nec8 13. Rhg1 Na4 14. Nxa4 Bxa4
15. Qb4 Nb6 16. Bxb6 axb6 17. Bb5+ Bxb5 18. Qxb5+ Ke7 19. Nd2 Ra5 20. Qb3 Qd7
21. Nc4 Ra4 22. Na3 Rxe4 23. c4 Rf4 24. Ka1 Ra8 25. Nb5 Rxf2 26. Rgf1 Rxf1 27.
Rxf1 Kf8 28. Qf3 Kg8 29. Nc3 Ra5 30. Qe4 c6 31. b4 Ra8 32. Kb1 Qh3 33. Qc2
Qxf1+ 0-1

[Event "Skovbo GM 2014"]
[Site "Skovbo Kulturhus"]
[Date "2014.09.13"]
[Round "8.19"]
[White "Jacobsen, Mikkel Manosri"]
[Black "Stuhr, Peter Sebastian"]
[Result "1-0"]
[WhiteElo "1886"]
[BlackElo "1942"]
[PlyCount "81"]
[EventDate "2014.??.??"]
[WhiteTeam "BMS Skak"]
[BlackTeam "Køge Skakklub"]

1. d4 d6 2. Nf3 Nd7 3. Bf4 Ngf6 4. e3 Nh5 5. Bg5 h6 6. Bh4 g5 7. Nfd2 Ndf6 8.
Bg3 Bg7 9. Bd3 Nxg3 10. hxg3 d5 11. c4 c6 12. Nc3 Qc7 13. cxd5 cxd5 14. Rc1 Qd8
15. Qa4+ Bd7 16. Qb3 Bc6 17. Nf3 Ng4 18. Qd1 e5 19. Bf5 Bd7 20. Bxd7+ Qxd7 21.
dxe5 Rc8 22. Qd4 O-O 23. O-O Rfd8 24. Qxa7 Nxe5 25. Nxe5 Bxe5 26. Rfd1 d4 27.
Qa5 Qe7 28. Nd5 Qe6 29. Rxc8 Rxc8 30. exd4 Bxd4 31. Rxd4 Rc1+ 32. Kh2 Qe2 33.
Nf6+ Kg7 34. Qf5 Rc6 35. Ng4 Qxb2 36. Rd7 Qxa2 37. Qe5+ Kg6 38. Rd8 Qe6 39.
Rg8+ Kh5 40. Nf6+ Qxf6 41. Qe2+ 1-0

[Event "Skovbo GM 2014"]
[Site "Skovbo Kulturhus"]
[Date "2014.09.13"]
[Round "8.20"]
[White "Skjoldager, Flemming"]
[Black "Møller, Claus Kronholm"]
[Result "1/2-1/2"]
[WhiteElo "1876"]
[BlackElo "1892"]
[PlyCount "55"]
[EventDate "2014.??.??"]
[WhiteTeam "Holbæk Skakklub"]
[BlackTeam "Skovbo Skakklub"]

1. Nf3 c6 2. d4 d5 3. Bf4 Bf5 4. e3 Nf6 5. c3 Nbd7 6. Qb3 Nb6 7. h3 e6 8. Nbd2
Bd6 9. Ne5 O-O 10. Be2 Qc7 11. a4 Rab8 12. O-O Nbd7 13. Nxd7 Qxd7 14. Bxd6 Qxd6
15. Rfd1 Ne4 16. c4 Nxd2 17. Rxd2 Qe7 18. Bd3 Qg5 19. Bxf5 Qxf5 20. Qc3 dxc4
21. Qxc4 Rfd8 22. Rc2 h5 23. Rac1 h4 24. Qc5 Qxc5 25. Rxc5 Rd5 26. b4 Rbd8 27.
b5 cxb5 28. axb5 1/2-1/2

[Event "Skovbo GM 2014"]
[Site "Skovbo Kulturhus"]
[Date "2014.09.13"]
[Round "8.21"]
[White "Borg, Flemming"]
[Black "Kokholm, Daniel"]
[Result "1/2-1/2"]
[WhiteElo "1842"]
[BlackElo "1915"]
[PlyCount "63"]
[EventDate "2014.??.??"]
[WhiteTeam "Allerød Skakklub"]
[BlackTeam "Skakklubben K41"]

1. e4 d6 2. d4 Nf6 3. Nc3 Nbd7 4. f4 e5 5. Nf3 exd4 6. Qxd4 c6 7. Bc4 d5 8.
exd5 Bc5 9. Qd3 Qe7+ 10. Qe2 Qxe2+ 11. Kxe2 Nb6 12. Bb3 Nfxd5 13. Nxd5 Nxd5 14.
Bxd5 cxd5 15. Re1 O-O 16. Be3 Re8 17. Kf2 Rxe3 18. Rxe3 Bf5 19. c3 Bxe3+ 20.
Kxe3 Re8+ 21. Kd2 Kf8 22. Nd4 Be4 23. Re1 a6 24. g4 Rc8 {(=)} 25. Nf5 Rc6 26.
Ng3 Rh6 27. Nxe4 dxe4 28. Rxe4 Rxh2+ 29. Re2 Rh4 30. Rg2 h5 31. gxh5 Rxf4 32.
Rh2 1/2-1/2

[Event "Skovbo GM 2014"]
[Site "Skovbo Kulturhus"]
[Date "2014.09.13"]
[Round "8.22"]
[White "Simonsen, Per Barndorff"]
[Black "Jørgensen, Orla Eilegaard"]
[Result "1-0"]
[WhiteElo "1869"]
[BlackElo "1568"]
[PlyCount "121"]
[EventDate "2014.??.??"]
[WhiteTeam "Ishøj Skakklub"]
[BlackTeam "Allerød Skakklub"]

1. d4 d5 2. c4 c6 3. Nc3 Nf6 4. Nf3 Nbd7 5. b3 e6 6. a3 Ne4 7. Nxe4 dxe4 8. Ng5
Nf6 9. f3 exf3 10. Nxf3 c5 11. e3 b6 12. Bb2 Bb7 13. Bd3 Be7 14. O-O Ng4 15.
Qe2 Qc7 16. Ne5 Nxe5 17. dxe5 O-O 18. Qh5 g6 19. Qh3 Rad8 20. e4 Rd7 21. Rad1
Rfd8 22. Qf3 Bf8 23. Bc2 Bh6 24. Bc3 Bg7 25. Qg3 Rxd1 26. Rxd1 Rxd1+ 27. Bxd1
Bxe4 28. Qg4 Bxe5 29. Qxe4 Bxc3 30. Bf3 Bd4+ 31. Kh1 Qe7 32. g3 Kg7 33. h4 Qd6
34. Kg2 Be5 35. Qe1 h5 36. g4 hxg4 37. Bxg4 Qd4 38. Qf1 f6 39. h5 gxh5 40. Bxh5
Qf4 41. Qe2 Kf8 42. Qd1 Bd4 43. Qf3 Qxf3+ 44. Kxf3 Kg7 45. Kf4 a6 46. a4 Be5+
47. Ke4 Kh6 48. Bf7 Kg5 49. Bxe6 Bb2 50. Bf5 Be5 51. Bc8 a5 52. Kd5 Bc7 53. Kc6
Bd8 54. Kd7 f5 55. Kxd8 f4 56. Bb7 Kf5 57. Kc7 Ke5 58. Kxb6 Kd4 59. Kxa5 Kc3
60. Kb5 Kxb3 61. a5 1-0

[Event "Skovbo GM 2014"]
[Site "Skovbo Kulturhus"]
[Date "2014.09.13"]
[Round "8.23"]
[White "Pawlak, Wojciech Zbigniew"]
[Black "Petersen, Henry"]
[Result "1-0"]
[WhiteElo "1705"]
[BlackElo "1455"]
[PlyCount "53"]
[EventDate "2014.??.??"]
[WhiteTeam "Køge Skakklub"]
[BlackTeam "Køge Skakklub"]

1. c4 e5 2. g3 Nc6 3. Nc3 Nf6 4. Bg2 b6 5. Nf3 Bb7 6. O-O Bb4 7. d3 d6 8. Qc2
Bxc3 9. Qxc3 h6 10. h3 Qd7 11. b4 Ne7 12. e4 O-O-O 13. Kh2 g5 14. Be3 Rdg8 15.
b5 Kb8 16. a4 Bc8 17. Ng1 h5 18. a5 Nh7 19. axb6 cxb6 20. Ra2 Bb7 21. Rfa1 Nc8
22. d4 Re8 23. dxe5 dxe5 24. Rd2 Qc7 25. Rad1 Re7 26. c5 bxc5 27. Bxc5 {TIME}
1-0

[Event "Skovbo GM 2014"]
[Site "Skovbo Kulturhus"]
[Date "2014.09.13"]
[Round "8.24"]
[White "Hein, Jacob"]
[Black "Sørensen, Lindved"]
[Result "1/2-1/2"]
[WhiteElo "1450"]
[BlackElo "1728"]
[PlyCount "128"]
[EventDate "2014.??.??"]
[WhiteTeam "Espergærde Skakklub"]
[BlackTeam "Faxe Skakklub"]

1. b3 e5 2. Bb2 Nc6 3. e4 Bc5 4. Nf3 Qe7 5. Nc3 d6 6. Nd5 Qd8 7. Ne3 Bxe3 8.
fxe3 Nf6 9. d3 O-O 10. h3 Nh5 11. Qd2 Ng3 12. Rg1 f5 13. exf5 Bxf5 14. Qf2 Nxf1
15. Qxf1 Nb4 16. Qe2 e4 17. dxe4 Bxe4 18. Qc4+ Bd5 19. Qxb4 Qe7 20. Qd4 Bc6 21.
O-O-O Rae8 22. Rd2 a6 23. Nh4 Qg5 24. Re2 Re4 25. Qxg7+ Qxg7 26. Bxg7 Kxg7 27.
g4 Bd7 28. Kd2 Kh6 29. g5+ Kh5 30. Ng2 Kxg5 31. Nf4+ Kh6 32. Reg2 Rfe8 33. Rg5
R4e5 34. h4 Bc6 35. R5g3 Be4 36. h5 Rc5 37. c4 b5 38. Nd3 Bxd3 39. Kxd3 bxc4+
40. bxc4 Rxh5 41. Rg7 Rh3 42. R7g3 Rxg3 43. Rxg3 Re5 44. Kc3 a5 45. a4 Rg5 46.
Rf3 Kg6 47. Rf8 h5 48. Rc8 Rc5 49. Rg8+ Kf5 50. Kd4 h4 51. Rg2 Re5 52. Rg7 c5+
53. Kd3 h3 54. Rg3 d5 55. Rxh3 dxc4+ 56. Kxc4 Ke4 57. Kb5 Kd3 58. e4+ Kxe4 59.
Rc3 Kd4 60. Rc4+ Kd3 61. Rxc5 Rxc5+ 62. Kxc5 Kc3 63. Kb5 Kd4 64. Kxa5 Kc5
1/2-1/2